Anagramme aléatoire de fleuves et de rivières du monde - Statistiques

Statistiques générales
  • Ce quiz a été pris 90 fois
  • Le résultat moyen est 8 sur 20
Statistiques - réponses
Réponse % Correct
Loire
100%
Mississippi
100%
Nil
100%
Ob
100%
Volga
100%
Ohio
88%
88%
Tibre
88%
Amazone
86%
Meuse
86%
Tage
86%
Congo
83%
Rhône
82%
Rhin
80%
Volta
80%
Ébre
71%
Tigre
71%
Zambèze
71%
Colorado
67%
Jaune
67%
Gange
64%
Arkansas
63%
Seine
63%
Niger
60%
Elbe
57%
Gambie
57%
Mékong
57%
Uruguay
56%
Sénégal
50%
Amour
43%
Arno
40%
Nil Blanc
40%
Brahmapoutre
36%
Danube
33%
Garonne
33%
Guadalquivir
33%
Jubba
33%
Orénoque
33%
Tamise
33%
Yukon
33%
Indus
29%
Paraguay
29%
Churchill
25%
Dordogne
25%
Léna
25%
Purus
22%
Krishna
20%
Missouri
20%
Saint-Laurent
20%
Tocantins
20%
Irtych
17%
Liffey
17%
Limpopo
17%
Parana
17%
Ienisseï
14%
Orange
13%
Escaut
11%
Mackenzie
11%
Okavango
11%
Toungouska
10%
Nelson
7%
Adige
0%
Amou-Daria
0%
Columbio
0%
Dniepr
0%
Dniestr
0%
Euphrate
0%
Fraser
0%
Godavari
0%
Irrawaddy
0%
Kapuas
0%
Koura
0%
Maritsa
0%
Murray
0%
Nil Bleu
0%
Rio Grande
0%
São Francisco
0%
Syr-Daria
0%
Vistule
0%
Vltava
0%
Yangzi Jiang
0%
Aucun quiz correspondant
Distribution des résultats
% des personnes avec chaque résultat
Percentile par nombre de réponses
Votre historique - résultats
Vous n’avez pas pris ce quiz